| 000 | 01364cam a22002411i 4500 | ||
|---|---|---|---|
| 003 | SA-RiAUC | ||
| 005 | 20251225124539.0 | ||
| 008 | 251222q19001999su g b 00000 ara c | ||
| 040 |
_aSA-JeALM _bara _cSA-RiAUC _erda |
||
| 082 | 0 | 4 |
_a016.4151 _qSA-RiAUC |
| 090 |
_a016.4151 _bج ا م |
||
| 110 | 2 |
_aجامعة أم القرى. _bمركز البحث العلمي وإحياء التراث الإسلامي. _bقسم الفهرسة _eمؤلف. |
|
| 245 | 1 | 0 |
_aفهرس النحو : _bالمصورات الميكروفيليمة الموجودة بمكتبة الميكروفيلم بمركز البحث العلمي وإحياء التراث الإسلامي / _cإعداد قسم الفهرسة بمركز البحث العلمي وإحياء التراث الإسلامي، جامعة أم القرى. |
| 264 | 1 |
_aمكة المكرمة : _bمركز البحث العلمي وإحياء التراث الإسلامي، _c[بين 1900 و1999] |
|
| 300 |
_a461 صفحة؛ _c24 سم. |
||
| 336 |
_aنص _btxt _2rdacontent _3كتاب |
||
| 337 |
_aبدون وسيط _bn _2rdamedia |
||
| 338 |
_aمجلد _bnc _2rdacarrier |
||
| 500 | _aإهداء من المؤلف أحمد زكي يماني بتاريخ 1416/7/28 هـ | ||
| 650 | 7 |
_aاللغة العربية _vببليوجرافيات _2aucsh |
|
| 942 |
_2ddc _cBOOK _n0 |
||
| 949 |
_aSA-JeALM _d251222 _umohamedma123 _n1 |
||
| 999 |
_c13694 _d13694 |
||